000 00719nam a22002537a 4500
003 UA-OsUOA
001 26385
007 ta
008 20040527b un ||||| |||| 00| 0 ukr d
100 _aОсика С.Г.
090 _a34
_bО-73
942 _cBK
040 _aUA-OsUOA
_bukr
_cUA-OsUOA
_dUA-OsUOA
245 _aПравове регулювання імпорту: антидемпінгові заходи
300 _a448 с.
955 _a0
041 _aukr
080 _a34
020 _a966-7666-11-5
260 _aКиїв
_bЦентр дослідження СОТ, розвитку торгового права і практики
_c2003
044 _aUA
650 7 _2UDC
999 _c312708
_d312708